00689 a2200193 450000500170000000800410001702000180005804000510007604100080012710000200013524500790015526000720023430000360030649000410034250400530038365000180043665000320045465100090048620140903175019.0140212s2009 xxua fr|||| 001 0 eng d a9780801477089 aCO-BoUCMbspacJose A. GerenadDiana Londoño aeng1 aAcharya, Amitav10aWhose ideas matter?bagency and power in Asian regionalismcAmitav Acharya bCornell University pressaIthaca (Nueva York, Estados Unidos)c2009 ax, 189 páginasbilustraciones aCornell studies in political economy aIncluye referencias bibliográficas e índices 7aRegionalismo  7aRelaciones internacionales  4aAsia